| 000 | 00696nam a2200205Ia 4500 | ||
|---|---|---|---|
| 003 | 0100 | ||
| 005 | 20140325174928.0 | ||
| 008 | 130303s9999 xx 000 0 und d | ||
| 040 | _cARRUPELIB | ||
| 050 | _aAE25.E57 1963 | ||
| 100 |
_aD'Alembert, Jean le Rond and schwab, Richard N. and rex, Walter E. _99368 |
||
| 245 | _aPreliminary Discourse to the Encyclopedia of Diderot | ||
| 260 | _aIndianapolis, Indiana | ||
| 260 | _bBobbs-Merrill Company Inc | ||
| 300 | _a170p | ||
| 600 |
_xEncyclopedia _99371 |
||
| 650 |
_bSpiritual exercises -- Commentaries _99369 |
||
| 700 |
_aTranslated, with an Introduction and Notes by Richard N. Schwab, with the collab _99370 |
||
| 942 |
_2lcc _cREFERENCE |
||
| 999 |
_c43215 _d43215 |
||